00218nam a2200085 a 450000500170000000800410001705000170005824500370007526000200011220140414093831.0970110s19uu xx 00 eng d aVHS SDbR 44 aSIS AVP :b(With Local College). cMarch 7, 20002.